[Event "AUT-ch Blitz"]
[Site "Innsbruck"]
[Date "2025.06.21"]
[Round "6"]
[White "Guba, Viktor"]
[Black "Ataiants, Igor"]
[Result "0-1"]
[WhiteElo "1939"]
[BlackElo "1765"]
[PlyCount "78"]
[EventDate "2025.06.21"]
[EventType "swiss (blitz)"]
[EventRounds "11"]
[EventCountry "AUT"]
[SourceTitle "CB26_2025"]
[SourceDate "2025.06.25"]
[SourceVersion "1"]
[SourceVersionDate "2025.06.25"]
[SourceQuality "1"]

1. e4 e5 2. Nf3 Nc6 3. Nc3 Bc5 4. Nxe5 Bxf2+ 5. Kxf2 Nxe5 6. d4 Nc6 7. Be3 Nf6 8. e5 Ng8 9. Bb5 Nge7 10. Re1 Nf5 11. d5 Nxe5 12. Bxa7 Qf6 13. Kg1 Rxa7 14. Qe2 0-0 15. Qxe5 Qxe5 16. Rxe5 d6 17. Ree1 Nd4 18. Bd3 Bf5 19. Bxf5 Nxf5 20. Nb5 Ra5 21. Nxc7 Rc5 22. g4 Nd4 23. Re7 Rxc2 24. b3 Nf3+ 25. Kf1 Nxh2+ 26. Kg1 Nxg4 27. Nb5 Rd8 28. Rae1 g6 29. Rxb7 Ne5 30. Re3 Rc5 31. Nxd6 Rxd6 32. Rxe5 Rcxd5 33. Re8+ Kg7 34. Ree7 Rg5+ 35. Kf2 Rf6+ 36. Ke3 h5 37. a4 h4 38. b4 h3 39. Rbc7 h2 0-1

[Event "AUT-ch Blitz"]
[Site "Innsbruck"]
[Date "2024.06.01"]
[Round "1"]
[White "Kienboeck, Benjamin"]
[Black "Guba, Viktor"]
[Result "1-0"]
[WhiteElo "2045"]
[BlackElo "1815"]
[PlyCount "46"]
[EventDate "2024.06.01"]
[EventType "swiss (blitz)"]
[EventRounds "11"]
[EventCountry "AUT"]
[SourceTitle "CBM 220 Extra"]
[Source "ChessBase"]
[SourceDate "2024.07.31"]
[SourceVersion "1"]
[SourceVersionDate "2024.07.31"]
[SourceQuality "1"]

1. e4 e5 2. Nf3 Nc6 3. Bb5 a6 4. Ba4 d6 5. Bxc6+ bxc6 6. d4 exd4 7. Nxd4 c5 8. Nf3 Bb7 9. Nc3 Nf6 10. 0-0 Be7 11. Re1 0-0 12. Bf4 Nh5 13. Be3 f5 14. Nd2 g6 15. exf5 Bg5 16. fxg6 hxg6 17. Nde4 Bxe3 18. Rxe3 d5 19. Nxc5 Bc6 20. Ne6 Qf6 21. Nxf8 d4 22. Rf3 Bxf3 23. Qxf3 dxc3 1-0